[Event "POL-chT2 U18"]
[Site "Augustow"]
[Date "1996.??.??"]
[Round "?"]
[White "Oracz, Krzysztof"]
[Black "Kalina, Julian"]
[Result "0-1"]
[WhiteElo "1800"]
[BlackElo "2000"]
[PlyCount "66"]
[EventDate "1996.??.??"]
[EventType "team-tourn"]
[EventRounds "10"]
[EventCountry "POL"]
[SourceTitle "EXT 2003"]
[Source "ChessBase"]
[SourceDate "2002.11.25"]
[SourceVersion "1"]
[SourceVersionDate "2002.11.25"]
[SourceQuality "1"]

1. d4 d5 2. c4 e6 3. Nc3 Nf6 4. Bg5 Be7 5. e3 0-0 6. Nf3 b6 7. Bd3 Bb7 8. 0-0 Nbd7 9. Rc1 c5 10. a3 Rc8 11. dxc5 dxc4 12. Bxf6 Bxf6 13. Bxc4 Rxc5 14. Qa4 Bxc3 15. Rxc3 Bxf3 16. gxf3 b5 17. Bxb5 Qg5+ 18. Kh1 Rxb5 19. Qxa7 Qh4 20. Qc7 Ne5 21. e4 Qh3 22. Rfc1 Qh5 23. b4 Nxf3 24. Qg3 Nd4 25. Rc5 Rxc5 26. Rxc5 Qd1+ 27. Kg2 Ne2 28. Qe3 Rd8 29. b5 h5 30. f3 Rd2 31. Kh3 Qe1 32. Rg5 g6 33. Rg2 e5 0-1